Fuentes del Yo : (Record no. 41088)

MARC details
000 -LEADER
fixed length control field 00750nam a22002057a 4500
005 - DATE AND TIME OF LATEST TRANSACTION
control field 20201116184951.0
008 - FIXED-LENGTH DATA ELEMENTS--GENERAL INFORMATION
fixed length control field 130906t sp||||| |||| 00| 0 spa d
020 ## - INTERNATIONAL STANDARD BOOK NUMBER
International Standard Book Number 8449318483
050 04 - LIBRARY OF CONGRESS CALL NUMBER
Classification number B794
Item number T32 2006
100 1# - MAIN ENTRY--PERSONAL NAME
Personal name Taylor, Charles
245 10 - TITLE STATEMENT
Title Fuentes del Yo :
Remainder of title La construcción de la identidad moderna /
Statement of responsibility, etc Charles Taylor ; tr. de Ana Lizón ; rev. tec. de Ramón Alfonso Díez.
250 ## - EDITION STATEMENT
Edition statement 1a edición
260 ## - PUBLICATION, DISTRIBUTION, ETC. (IMPRINT)
Place of publication, distribution, etc Barcelona, España :
Name of publisher, distributor, etc Paidos,
Date of publication, distribution, etc 2006
300 ## - PHYSICAL DESCRIPTION
Extent 609 p. ;
Dimensions 22 cm.
490 1# - SERIES STATEMENT
Series statement Paidos Basica ;
Volume number/sequential designation no. 87
500 ## - GENERAL NOTE
General note Traducción de: Sources of the self. The making of the modern identity
650 #7 - SUBJECT ADDED ENTRY--TOPICAL TERM
Source of heading or term Lemb
Topical term or geographic name as entry element Filosofia Moderna
General subdivision Alocuciones, ensayos, conferencias
700 1# - ADDED ENTRY--PERSONAL NAME
Personal name Lizon, Ana, tr.
942 ## - ADDED ENTRY ELEMENTS (KOHA)
Source of classification or shelving scheme Clasificación Decimal Dewey
Koha item type Libro
Holdings
Estado de pérdida Fuente de clasificación Estado del daño No para préstamo Ubicación permanente Ubicación actual Apartado o colección Fecha de adquisición Clasificación Código de Barras Date last seen Número de copia Tipo de recurso Edición Área del conocimiento Costo por reposición
  Biblioteca del Cogreso de los Estados Unidos     Biblioteca de la Facultad de Filosofía Biblioteca de la Facultad de Filosofía General 06/09/2013 B794 T39 1996 BFF000001550 06/09/2013 1 Libro      
  Biblioteca del Cogreso de los Estados Unidos     Biblioteca de la Facultad de Filosofía Biblioteca de la Facultad de Filosofía General 06/09/2013 B794 T39 1996 BFF000001551 06/09/2013 2 Libro      
  Biblioteca del Cogreso de los Estados Unidos     Biblioteca de la Facultad de Filosofía Biblioteca de la Facultad de Filosofía General 06/09/2013 B794 T39 1996 BFF000001552 06/09/2013 3 Libro      
  Biblioteca del Cogreso de los Estados Unidos     Biblioteca de la Facultad de Filosofía Biblioteca de la Facultad de Filosofía General 06/09/2013 B794 T39 2006 BFF000001553 16/01/2015 4 Libro 1a ed. Ciencias Agropecuarias 1.00